| 000 | 00812nam a2200301Ia 4500 | ||
|---|---|---|---|
| 001 | dia_3346 | ||
| 003 | CHAP | ||
| 005 | 20251023164923.0 | ||
| 008 | 220117s2008 xx 000 0 und d | ||
| 010 | _a176992 | ||
| 020 | _a978-2-904176-29-6 | ||
| 040 | _cCHAP | ||
| 082 | _aC 635.976 A73 2008 | ||
| 245 | _a2000 árboles y arbustos | ||
| 260 |
_aEspaña : _b Horticolor :, _b De Vicchi, _c2008 |
||
| 300 | _a300 p. | ||
| 440 |
_aPlantas de los viveros españoles _9159887 |
||
| 503 | _aC. | ||
| 590 | _aC SB435 A73 2008 | ||
| 650 |
_aÁrboles _982433 |
||
| 650 |
_aArbustos _96713 |
||
| 650 |
_aShrubs _9159888 |
||
| 650 |
_aTrees _9159889 |
||
| 901 | _aC 635.976 A73 2008 | ||
| 902 | _aA | ||
| 905 | _a5232272008 sp d 8222223322spa16 | ||
| 942 |
_cLIBRO _2ddc |
||
| 999 |
_c176992 _d176992 |
||